MASTERING FOXPRO 2.5 , SPECIAL EDITIONSIEGEL, (Record no. 570444)
[ view plain ]
| 000 -LEADER | |
|---|---|
| fixed length control field | 00323nam a22001217a 4500 |
| 082 ## - DEWEY DECIMAL CLASSIFICATION NUMBER | |
| Classification number | 005.133-FP SIE |
| 100 ## - MAIN ENTRY--PERSONAL NAME | |
| Personal name | SIEGEL, CHARLES |
| 9 (RLIN) | 60813 |
| 245 ## - TITLE STATEMENT | |
| Title | MASTERING FOXPRO 2.5 , SPECIAL EDITIONSIEGEL, |
| 260 ## - PUBLICATION, DISTRIBUTION, ETC. | |
| Place of publication, distribution, etc. | NEWDELHI |
| Name of publisher, distributor, etc. | BPB PUBLICATIONS |
| Date of publication, distribution, etc. | 1993 |
| 300 ## - PHYSICAL DESCRIPTION | |
| Extent | 938P |
| 650 ## - SUBJECT ADDED ENTRY--TOPICAL TERM | |
| Topical term or geographic name entry element | FOXPRO 2.5 |
| 9 (RLIN) | 60814 |
| 942 ## - ADDED ENTRY ELEMENTS (KOHA) | |
| Koha item type | Book |
| Withdrawn status | Lost status | Damaged status | Not for loan | Permanent Location | Current Location | Shelving location | Date acquired | Total Checkouts | Full call number | Barcode | Date last seen | Price effective from | Koha item type |
|---|---|---|---|---|---|---|---|---|---|---|---|---|---|
| College of Electrical & Mechanical Engineering (CEME) | College of Electrical & Mechanical Engineering (CEME) | General Stacks | 07/20/2017 | 005.133-FP SIE | CEME-25338 | 06/28/2021 | 06/28/2021 | Book |
